2026 St. Louis Cardinals Player by Birth Place - Statistics

General Stats
  • This quiz has been taken 16 times
  • The average score is 6 of 13
Answer Stats
Player State/Country % Correct
Nathan Church Texas
82%
Alec Burleson California
64%
Ramón Urías Mexico
64%
Victor Scott II Florida
55%
Ryne Stanek Missouri
55%
Nolan Gorman Arizona
45%
Pedro Pagés Dominican Republic
45%
Thomas Saggese Illinois
45%
Matt Pushard Maine
36%
Iván Herrera Puerto Rico
36%
Kyle Leahy Colorado
18%
JJ Wetherholt Maryland
18%
Riley O’Brien Washington
18%
No matching quizzes found
Score Distribution
Percent of People with Each Score
Percentile by Number Answered
Your Score History
You have not taken this quiz